| Tag |
First Indicator |
Second Indicator |
Subfields |
| LEADER |
00000pam a2200000 i 4500 |
| 001 |
in00000052689 |
| 005 |
20151007072211.0 |
| 008 |
790706s1980 iaua 00110beng |
| 010 |
|
|
|a 79017698
|
| 020 |
|
|
|a 0813804205
|
| 035 |
|
|
|a (OCoLC)05196781
|
| 035 |
|
|
|9 AAE7422AM
|
| 040 |
|
|
|a DLC
|c DLC
|d TXA
|d UtOrBLW
|
| 043 |
|
|
|a n-us---
|
| 049 |
|
|
|a TXAM
|c [1160299]
|
| 050 |
0 |
0 |
|a HQ1413.S28
|b M23
|
| 082 |
0 |
|
|a 301.41/2/0924
|a B
|
| 100 |
1 |
|
|a McDonald, Julie.
|
| 245 |
1 |
0 |
|a Ruth Buxton Sayre, first lady of the farm /
|c Julie McDonald.
|
| 250 |
|
|
|a 1st ed.
|
| 264 |
|
1 |
|a Ames :
|b Iowa State University Press,
|c 1980.
|
| 300 |
|
|
|a xii, 206 pages :
|b illustrations ;
|c 24 cm.
|
| 336 |
|
|
|a text
|b txt
|2 rdacontent
|
| 337 |
|
|
|a unmediated
|b n
|2 rdamedia
|
| 338 |
|
|
|a volume
|b nc
|2 rdacarrier
|
| 500 |
|
|
|a Includes index.
|
| 600 |
1 |
0 |
|a Sayre, Ruth Buxton,
|d 1896-
|
| 650 |
|
0 |
|a Farmers' spouses
|z United States
|x Biography.
|
| 999 |
|
|
|a MARS
|
| 999 |
f |
f |
|s 525aec76-53f6-3ba3-8c45-6d1d8bbc64e5
|i cc531013-5910-34d5-bee2-26c7d429c32b
|t 0
|
| 952 |
f |
f |
|p ric
|a Texas A&M University
|b Rellis Campus
|c Joint Library Facility
|d Remote Storage
|t 0
|e HQ1413.S28 M23
|h Library of Congress classification
|i unmediated -- volume
|m A14802980889
|
| 998 |
f |
f |
|a HQ1413.S28 M23
|t 0
|l Remote Storage
|